| 000 -LEADER |
| fixed length control field |
00485cam a22001337a 4500 |
| 008 - FIXED-LENGTH DATA ELEMENTS--GENERAL INFORMATION |
| fixed length control field |
180718b1967 xxu||||| |||| 00| 0 eng d |
| 082 ## - DEWEY DECIMAL CLASSIFICATION NUMBER |
| Classification number |
I5 Ad65 |
| 245 ## - TITLE STATEMENT |
| Title |
Talking of management |
| Statement of responsibility, etc. |
by Administrative Staff College of India, Hyderabad |
| 260 ## - PUBLICATION, DISTRIBUTION, ETC. |
| Place of publication, distribution, etc. |
Bombay |
| Name of publisher, distributor, etc. |
Asia |
| Date of publication, distribution, etc. |
1967 |
| 300 ## - PHYSICAL DESCRIPTION |
| Extent |
133p. |
| 500 ## - GENERAL NOTE |
| General note |
Includes 13 talks given by visitors to college |
| 650 ## - SUBJECT ADDED ENTRY--TOPICAL TERM |
| Topical term or geographic name entry element |
Industrial management --India --Addresses, essays, lectures |
| 700 ## - ADDED ENTRY--PERSONAL NAME |
| Personal name |
Hyderabad. Administrative Staff College of India |